00241nam a2200109Ia 4500008004100000100001400041245003100055260000900086650001400095942000700109999001500116190216s9999||||xx |||||||||||||| ||und|| aHalen Y C 0aTutorial In Public Finance bNull aEconomics cBK c9446d9446